Le mariage de Figaro

Guardado en:
Bibliografiske detaljer
Hovedforfatter: Beaumarchais, Caron de
Format: Bog
Sprog:Undetermined
Udgivet: París, Francia Bordas 1965
Fag:
Tags: Tilføj Tag
Ingen Tags, Vær først til at tagge denne postø!

MARC

LEADER 00000nam a2200000Ia 4500
008 170316s9999 xx 000 0 und d
040 |a cru BVZT 
090 |a 840 B-5m 
100 |a Beaumarchais, Caron de 
245 |a Le mariage de Figaro 
260 |a París, Francia 
260 |b Bordas 
260 |c 1965 
300 |a 191 páginas 
650 |a LITERATURA FRANCESA 
999 |c 7543  |d 7543 
942 |c 15 D  |h 840 B-5m  |2 z